000 00850nas a2200289 4500
001 BR2016004812
003 BR-BrBNA
005 20231205130751.0
007 ta
008 230509b bl.|||p| |||| 00| 00por d
040 _aBR-BrBNA
_bpor
_cBiblioteca Nacional de Agricultura
041 _a(Pt)
072 _aL73
100 1 _aGonçalves, E.L.T.
100 1 _aSanches, E.G.
100 1 _aMartins, M.L.
100 1 _aTsuzuki, M.Y.
245 1 _aDetecção, controle e prevenão de fotobacteriose em cultivo de bijupirá
650 _aPEIXE MARINHO
650 _aBACTÉRIA
650 _aPATÓGENO
650 _aPROFILAXIA
650 _aVACINA
773 0 _tPesquisa Agropecuária Brasileira (Brazil)
_xISSN 0100-204X
_g(May 2016), v. 51(5) p. 465-472
_wBR2016004812
909 _a202311
_bLúcia
_c55
_dLúcia Elande
942 _2AGRIS
_n0
_cANA
999 _c251106
_d251106